A Survey on effluent treatment systems of rubber factories in Vietnam (Record no. 47309)

MARC details
000 -LEADER
fixed length control field 00530nam a2200181Ia 4500
100 ## - MAIN ENTRY--AUTHOR NAME
Personal name Bich Nguyen Ngoc
245 #2 - TITLE STATEMENT
Title A Survey on effluent treatment systems of rubber factories in Vietnam
260 ## - PUBLICATION, DISTRIBUTION, ETC. (IMPRINT)
Name of publisher Indian Journal of Natural Rubber Research
Year of publication 2003
300 ## - PHYSICAL DESCRIPTION
Number of Pages 21-25
650 ## - SUBJECT ADDED ENTRY--TOPICAL TERM
Topical Term Effluent treatment
650 ## - SUBJECT ADDED ENTRY--TOPICAL TERM
Topical Term Effluent treatment
650 ## - SUBJECT ADDED ENTRY--TOPICAL TERM
Topical Term Rubber effluent
650 ## - SUBJECT ADDED ENTRY--TOPICAL TERM
Topical Term Rubber effluent
650 ## - SUBJECT ADDED ENTRY--TOPICAL TERM
Topical Term Water pollution
650 ## - SUBJECT ADDED ENTRY--TOPICAL TERM
Topical Term Water pollution
942 ## - ADDED ENTRY ELEMENTS (KOHA)
Koha item type Articles
Holdings
Withdrawn status Lost status Damaged status Not for loan Home library Current library Shelving location Date acquired Serial Enumeration / chronology Koha item type
      Articles RRII Library RRII Library Rubber general 20/12/2021 Volume 16, Issue 1&2 Articles